THE TREE LOVER (Record no. 2767)
[ view plain ]
| 000 -LEADER | |
|---|---|
| fixed length control field | 00598nam a22001457a 4500 |
| 020 ## - INTERNATIONAL STANDARD BOOK NUMBER | |
| ISBN | 978-0-143-42874-9 |
| 082 ## - DEWEY DECIMAL CLASSIFICATION NUMBER | |
| Classification number | 823 |
| Item number | BON/T |
| 100 ## - MAIN ENTRY--AUTHOR NAME | |
| Personal name | BOND, RUSKIN |
| 245 ## - TITLE STATEMENT | |
| Title | THE TREE LOVER |
| 260 ## - PUBLICATION, DISTRIBUTION, ETC. (IMPRINT) | |
| Place of publication | GURGAON |
| Name of publisher | PUFFIN BOOKS |
| Year of publication | 2017 |
| 300 ## - PHYSICAL DESCRIPTION | |
| Number of Pages | 32 |
| 520 ## - SUMMARY, ETC. | |
| Summary, etc | In this book Rusty tells the story of his grandfather's relationship with trees. Of how his grandfather made him plant cuttings and saplings in the forest, saying that they were planting for the jungle and for the birds and animals who lived in it and needed more food and shelter. |
| 650 ## - SUBJECT ADDED ENTRY--TOPICAL TERM | |
| Topical Term | CHILDRENS STORY BOOK |
| Geographic subdivision | INDIA |
| 942 ## - ADDED ENTRY ELEMENTS (KOHA) | |
| Koha item type | Books |
| Withdrawn status | Lost status | Collection code | Home library | Current library | Shelving location | Date acquired | Source of acquisition | Cost, normal purchase price | Full call number | Accession Number | Koha item type |
|---|---|---|---|---|---|---|---|---|---|---|---|
| Fiction | Main Library | Main Library | SHELF-14B -ALPHABETICAL -B--ENGLISH NOVELS & FICTIONS | 25/01/2019 | purchase | 175.00 | 823 BON/T | 10698 | Books |